| 000 | 01452nam a2200361 a 4500 | ||
|---|---|---|---|
| 001 | ebr10015413 | ||
| 003 | CaPaEBR | ||
| 006 | m u | ||
| 007 | cr cn||||||||| | ||
| 008 | 010226s2000 enkb sb 001 0 eng | ||
| 010 | _z 2001265765 | ||
| 020 | _z0745316913 (pbk.) | ||
| 020 | _z0745316921 (hbk.) | ||
| 040 |
_aCaPaEBR _cCaPaEBR |
||
| 035 | _a(OCoLC)191929387 | ||
| 050 | 1 | 4 |
_aJZ1480.A57 _bA3 2000eb |
| 082 | 0 | 4 |
_a958.104/5 _221 |
| 100 | 1 |
_aCooley, John K., _d1927-2008. |
|
| 245 | 1 | 0 |
_aUnholy wars _h[electronic resource] : _bAfghanistan, America, and international terrorism / _cJohn K. Cooley. |
| 250 | _aNew ed. | ||
| 260 |
_aLondon ; _aSterling, Va. : _bPluto Press, _c2000. |
||
| 300 |
_axiii, 299 p. : _bmaps. |
||
| 504 | _aIncludes bibliographical references (p. 263-273) and index. | ||
| 533 |
_aElectronic reproduction. _bPalo Alto, Calif. : _cebrary, _d2013. _nAvailable via World Wide Web. _nAccess may be limited to ebrary affiliated libraries. |
||
| 610 | 1 | 0 |
_aUnited States. _bCentral Intelligence Agency. |
| 650 | 0 |
_aEspionage, American _zIslamic countries. |
|
| 650 | 0 | _aTerrorism. | |
| 651 | 0 |
_aUnited States _xForeign relations _zAfghanistan. |
|
| 651 | 0 |
_aAfghanistan _xForeign relations _zUnited States. |
|
| 655 | 7 |
_aElectronic books. _2local |
|
| 710 | 2 | _aebrary, Inc. | |
| 856 | 4 | 0 |
_uhttp://site.ebrary.com/lib/rucke/Doc?id=10015413 _zAn electronic book accessible through the World Wide Web; click to view |
| 999 |
_c11684 _d11684 |
||